00883nam a22002177a 450000100060000000300080000600500170001400800410003103500190007204000350009104100080012608200240013410000250015824501330018326001050031630000380042150201100045950400340056965000270060370000350063083767BD-RjUL20240518165531.0240518s2000 bg a|||| m||| 00| 0 eng d a(BD-RjUL)83767 aBD-RjULbengcBD-RjULdBD-RjUL aeng 223a594.3bRAF 2000 aRahman, Md. Redwanur10aFreshwater gastropods in relation to helminth parasites of Bangladesh /cby Md. Redwanur Rahman ;6Supervisor : Md. Sarwar Jahan aRajshahi : bDepartment of Zoology Faculty of Life and Earth Sciences, University of Rajshahi,c2000 a[6], 264 leaves :bill, ;c29.cm. aThesis (Ph. D.) -- Department of Zoology Faculty of Life and Earth Sciences, University of Rajshahi, 2000 aReferences : Leaves 216 - 248 aGastropodavFreshwater aJahan, Md. Sarwar, Supervisor